ბათუმის შოთა რუსთაველის სახელმწიფო უნივერსიტეტის ბიბლიოთეკა

Zollinger's atlas of surgical operations / (ბიბ.ჩანაწერი № 63249)

000 -LEADER
fixed length control field 01000nam a22002417a 4500
005 - DATE AND TIME OF LATEST TRANSACTION
control field 20250707103740.0
008 - FIXED-LENGTH DATA ELEMENTS--GENERAL INFORMATION
fixed length control field 250707s2022 en ||||| |||| 00| 0 eng d
020 ## - INTERNATIONAL STANDARD BOOK NUMBER
International Standard Book Number 9781260440850 X
Qualifying information 1260440850X
041 ## - LANGUAGE CODE
Language code of text/sound track or separate title eng
080 ## - UNIVERSAL DECIMAL CLASSIFICATION NUMBER
Universal Decimal Classification number 617.91 Z-82
245 ## - TITLE STATEMENT
Title Zollinger's atlas of surgical operations /
Statement of responsibility, etc. E. Christopher Ellison ; Robert Milton Zollinger; Timothy M. Pawlik; Patrick S. Vaccaro
250 ## - EDITION STATEMENT
Edition statement Eleventh edition
264 ## - PRODUCTION, PUBLICATION, DISTRIBUTION, MANUFACTURE, AND COPYRIGHT NOTICE
Place of production, publication, distribution, manufacture New York :
Name of producer, publisher, distributor, manufacturer McGraw-Hill Education,
Date of production, publication, distribution, manufacture, or copyright notice 2022.
300 ## - PHYSICAL DESCRIPTION
Extent 622 pages :
Other physical details color illustrations ;
Dimensions 37 cm.
653 ## - INDEX TERM--UNCONTROLLED
keyword Atlas Atlases Chirurgie Atlas Chirurgie opératoire
653 ## - INDEX TERM--UNCONTROLLED
keyword ქირურგიული ოპერაციები.
653 ## - INDEX TERM--UNCONTROLLED
keyword ქირურგია
700 ## - ADDED ENTRY--PERSONAL NAME
Personal name Ellison, E. Christopher
Relator term ავტორი
9 (RLIN) 25610
700 ## - ADDED ENTRY--PERSONAL NAME
Personal name Milton Zollinger,Robert
Relator term ავტორი
9 (RLIN) 25611
700 ## - ADDED ENTRY--PERSONAL NAME
Personal name M. Pawlik, Timothy
Relator term ავტორი
9 (RLIN) 25612
700 ## - ADDED ENTRY--PERSONAL NAME
Personal name Vaccaro, S .Patrick
9 (RLIN) 25613
942 ## - ADDED ENTRY ELEMENTS (KOHA)
Source of classification or shelving scheme
Koha item type წიგნი
ეგზემპლარები
Withdrawn status Lost status Source of classification or shelving scheme Damaged status Not for loan Permanent Location Current Location Shelving location Date acquired Cost, normal purchase price Full call number Barcode Date last seen Copy number Price effective from Koha item type Public note
          ბათუმის შოთა რუსთაველის სახელმწიფო უნივერსიტეტის მთავარი ბიბლიოთეკა ბათუმის შოთა რუსთაველის სახელმწიფო უნივერსიტეტის მთავარი ბიბლიოთეკა წიგნსაცავი 2025-07-07 642.00 617.91 Z-82 72069 2025-07-07 72069 2025-07-07 წიგნი 642 ლ.
          ბათუმის შოთა რუსთაველის სახელმწიფო უნივერსიტეტის მთავარი ბიბლიოთეკა ბათუმის შოთა რუსთაველის სახელმწიფო უნივერსიტეტის მთავარი ბიბლიოთეკა წიგნსაცავი 2025-07-07 642.00 617.91 Z-82 72070 2025-07-07 72070 2025-07-07 წიგნი 642 ლ.